| 000 | 00472cam a2200181ua 4500 | ||
|---|---|---|---|
| 001 | 10915 | ||
| 008 | 190801n ii |||gr||||Z||||||eng | ||
| 020 | _a9789382267010 | ||
| 040 | _cMAIN | ||
| 041 | _aeng | ||
| 082 | _a880 | ||
| 245 |
_aReadings in classical literature _cEd. by Harriet Raghunathan |
||
| 260 |
_aDelhi: _bWorldview, _c2017. |
||
| 300 | _a166p. | ||
| 653 | _aHellenic literatures classical Greek | ||
| 700 |
_aHarriet Raghunathan, _eEditor. |
||
| 942 | _cBK | ||
| 999 |
_c9871 _d9871 |
||